Συγκριτική παιδική λογοτεχνία : βασισμένη στο βιβλίο της Kinderliterasche Komparatistik

Αποθηκεύτηκε σε:
Λεπτομέρειες βιβλιογραφικής εγγραφής
Κύριος συγγραφέας: O'Sullivan, Emer
Άλλοι συγγραφείς: Τσιλιμένη, Τασούλα Δ. (edtf), Πανάου, Πέτρος (Μεταφραστής), Ξενή, Έλενα (trlf)
Μορφή: Βιβλίο
Γλώσσα:Greek
English
Δημοσίευση: Αθήνα : Επίκεντρο, 2010.
Θέματα:
Ετικέτες: Προσθήκη ετικέτας
Δεν υπάρχουν, Καταχωρήστε ετικέτα πρώτοι!

MARC

LEADER 00000cam a2200000 a 4500
001 1/122622
008 210203t2010####gr | ||| |||| ||gre||
020 |a 9789604582457 
040 |a GR-MyUa  |b gre  |c GR-MyUa  |e AACR2 
041 1 |a gre  |h eng 
082 7 |a 809.89282   |2 (23) 
100 1 |a O'Sullivan, Emer. 
245 1 0 |a Συγκριτική παιδική λογοτεχνία :   |b βασισμένη στο βιβλίο της Kinderliterasche Komparatistik /   |c Emer O' Sullivan ; επιστημονική και μεταφραστική επιμέλεια: Τασούλα Τσιλιμένη ; μετάφραση: Πέτρος Πανάου, Έλενα Ξενή.  
260 |a Αθήνα :   |b Επίκεντρο,   |c 2010.  
300 |a 429 σ. ;   |c 21 εκ.  
500 |a Περιέχει υποσημειώσεις.  
504 |a Βιβλιογραφία: σ. [355]-398.  
504 |a Περιλαμβάνει βιβλιογραφικές παραπομπές και ευρετήρια.  
650 0 |a Children's literature  |x History and criticism. 
650 0 |a Books and reading  |z Greece. 
650 0 |a Comparative literature. 
700 1 |a Τσιλιμένη, Τασούλα Δ.  |e edtf 
700 1 |a Πανάου, Πέτρος,  |e trl 
700 1 |a Ξενή, Έλενα,  |e trlf 
765 0 8 |i Μετάφραση του:   |t Comparative children's literature /  
852 |a INST  |b RHODES  |c EUDOXUS  |e 20210203  |h 809.89282 OSU  |p 005400041902  |q 005400041902  |t EDX  |y 0 
920 |a Εύδοξος  |b Παραγγελία  |y Ρόδος-ΤΕΠΑΕΣ  |z 2021-01 
970 |a Μαρία  |b Κωτάκου  |z 3-2-2021